Statistics for Loonaverse lore quiz

Click here to take the quiz!

General Stats

  • This quiz has been taken 12 times
  • The average score is 32 of 43

Answer Stats

HintAnswer% Correct
What is Jinsoul's color?Blue
100%
Who has an odd eye as their right eye?Choerry
100%
Where was yyxy's location?Eden
100%
Who is the leader of 1/3?Haseul
100%
Who created the LOONAverse?Heejin
100%
Who was an android?Vivi
100%
Who did Chuu have a crush on?Yves
100%
Who teleported apples into Eden?Choerry
90%
Whose hair changed after eating their fruit?Go Won
90%
Whose animal is a cat?Hyunjin
90%
Who is thought to be the / in 1/3?Yeojin
90%
Who is the REAL villain? (Not the girls, the company)BBC
80%
Who is represented by a penguin?Chuu
80%
What is 1/3's location?Earth
80%
Who the inverted triangle in yyxy?Go Won
80%
Who is Heejin's mirror?Hyeju/ Olivia Hye
80%
Whose location is Tokyo?Hyunjin
80%
Who was originally going to be a member of OEC?Hyunjin
80%
Who killed Vivi?Jinsoul
80%
Who saved Jinsoul from the basement?Vivi
80%
Who is lost in the Mobius Forest?Yeojin
80%
Who replaces Hyunjin in OEC?Choerry
70%
Who sent Hyunjin a bracelet?Go Won
70%
Who gains an odd eye in 'Air Force One'?Heejin
70%
Who leaves a Cherry for Choerry?Jinsoul
70%
Who lures Choerry outside with a mirror?Kim Lip
70%
Where is Heejin's location?Paris, France
70%
Who did Vivi date?Yves
70%
Who is thought to be the bird HaSeul kills?Go Won
60%
Who saves Yeojin from the Mobius Forest?Haseul
60%
Who is Yeojin's mother?Haseul
60%
Who wants to stop the yyxy girls from eating the fruit?Heejin
60%
Who reconnected Vivi's battery pack?Hyunjin
60%
Who helps Hyeju?Jinsoul
60%
Who unites Hyeju with yyxy?Jinsoul
60%
Who creates a black hole?Kim Lip
60%
What is ODD EYE CIRCLE's supposed location?Middle Earth/ The Cosmos
60%
What is the name of the glowing entity in 'Birth'?Artemis
50%
Who is the frog in Yeojin's solo MV?Choerry
50%
Who creates yyxy?Hyeju/ Olivia Hye
50%
To whom does 1/3 send an arcane spell of love?Hyeju/ Olivia Hye
50%
Who is the truck in Haseul's solo MV?Hyunjin
50%
Who kills Yeojin?Vivi
50%

Score Distribution

Percentile by Number Answered

Percent of People with Each Score

Your Score History

You have not taken this quiz